| 000 | 00825nam a22002657a 4500 | ||
|---|---|---|---|
| 001 | 26898 | ||
| 003 | BD-RjUL | ||
| 005 | 20211209051101.0 | ||
| 008 | 140324s1946 ii b ab 001 0 eng | ||
| 035 | _a(BD-RjUL)26969 | ||
| 040 |
_aDLC _cDLC _beng _dBD-RjUL |
||
| 041 | _aeng | ||
| 082 |
_a954.03 _bPRI 1946 |
||
| 100 | 1 |
_aPrasad, Rajendra. _d1884-1963. _982673 |
|
| 245 | 1 | 0 |
_aIndia divided / _cby Rajendra Prasad. |
| 260 |
_aBombay : _bHind Kitabs, _c1946. |
||
| 300 |
_axii, 396, 9 p. : _bmap ; _c24 cm. |
||
| 504 | _aIncludes bibliographical references and index. | ||
| 651 | 0 |
_aIndia _xPolitics and government _y1919-1947. _982674 |
|
| 830 | 0 |
_vitem 08546. _982685 |
|
| 830 | 0 |
_aSAMP early 20th-century Indian books project ; _982686 |
|
| 942 |
_2ddc _cBK |
||
| 999 |
_c26898 _d26898 |
||